Ciencias de la sostenibilidad : (Registro nro. 8626)
[ vista simple ]
| 000 -CABECERA | |
|---|---|
| Campo de control | 01208nam a22003017a 4500 |
| 005 - FECHA Y HORA DE LA ULTIMA TRANSACCION | |
| Campo de control | 20170929020001.0 |
| 008 - ELEMENTOS DE LONGITUD FIJA—INFORMACION GENERAL | |
| Campo de control | 140410s2012 ck ad gr 000 0 spa d |
| 020 ## - ISBN | |
| ISBN | 9788469545270 |
| 041 ## - IDIOMA | |
| Código de idioma para texto/pista de sonido o título separado | Español |
| 044 ## - PAÍS DE PUBLICACIÓN | |
| País de publicación | Colombia |
| 082 04 - NUMERO DE CLASIFICACION DECIMAL DEWEY | |
| Número de clasificación | 333.7 |
| Número del ítem | C43a2 |
| 245 00 - MENCION DE TITULO | |
| Título | Ciencias de la sostenibilidad : |
| Parte restante del título | guía docente / |
| Mención de responsabilidad | contenidos Berta Martín-López, José A. González, Sandra P. Vilardy [et al.]. |
| 260 ## - PUBLICACION, DISTRIBUCION, ETC. (PIE DE IMPRENTA) | |
| Lugar de publicación, distribución, etc. | [Magdalena?] : |
| Nombre del editor, distribuidor, etc. | Universidad de Magdalena, |
| -- | Instituto Humboldt, |
| Lugar de publicación, distribución, etc. | Bogotá |
| Nombre del editor, distribuidor, etc. | Universidad Aut�onoma de Madrid, |
| Fecha de publicación, distribución, etc. | 2012 |
| 300 ## - DESCRIPCION FISICA | |
| Extensión | 145 p. |
| Otros detalles físicos | il., fot. |
| Dimensiones | 28 cm. |
| 500 ## - NOTA GENERAL | |
| Nota general | Glosario : p. 143-145. |
| 504 ## - NOTA DE BIBLIOGRAFIA, ETC. | |
| Nota de bibliografía | Incluye bibliografías. |
| 650 #4 - ASIENTO SECUNDARIO DE MATERIA - TERMINO TEMATICO | |
| Término temático o nombre geográfico como elemento de entrada | Desarrollo sostenible |
| Subdivisión general | Enseñanza |
| Subdivisión de forma | Guías del profesor. |
| 650 #4 - ASIENTO SECUNDARIO DE MATERIA - TERMINO TEMATICO | |
| Término temático o nombre geográfico como elemento de entrada | Educación ambiental |
| Subdivisión de forma | Guías del profesor. |
| 650 #4 - ASIENTO SECUNDARIO DE MATERIA - TERMINO TEMATICO | |
| Término temático o nombre geográfico como elemento de entrada | Protección del medio ambiente |
| Subdivisión general | Enseñanza |
| Subdivisión de forma | Guías del profesor. |
| 700 1# - ASIENTO SECUNDARIO - NOMBRE PERSONAL | |
| Nombre personal | Martín-López, Berta. |
| 700 1# - ASIENTO SECUNDARIO - NOMBRE PERSONAL | |
| Nombre personal | González, José A. |
| 700 1# - ASIENTO SECUNDARIO - NOMBRE PERSONAL | |
| Nombre personal | Vilardy-Quiroga, Sandra P., |
| 700 1# - ASIENTO SECUNDARIO - NOMBRE PERSONAL | |
| Nombre personal | Montes, Carlos. |
| 700 1# - ASIENTO SECUNDARIO - NOMBRE PERSONAL | |
| Nombre personal | García-Llorente, Marina. |
| 700 1# - ASIENTO SECUNDARIO - NOMBRE PERSONAL | |
| Nombre personal | Palomo, Ignacio. |
| 700 1# - ASIENTO SECUNDARIO - NOMBRE PERSONAL | |
| Nombre personal | Aguado, Mateo. |
| 942 ## - ELEMENTOS ADICIONALES (KOHA) | |
| Sistema de clasificación | Dewey Decimal Classification |
| Tipo de ítem | Libro |
| Koha issues (borrowed), all copies | 3 |
| Withdrawn status | Lost status | Sistema de Clasificación | Damaged status | No para préstamo | Colección | Inventariado | Ubicación Permanente | Ubicación actual | Fecha de adquisición | Fuente de Valor | Valor | Total Checkouts | Número topográfico | Inventario / Código de Barras | Date last seen | Date checked out | Ejemplar | Price effective from | Forma de adquisición | Tipo de material | Fecha publicación (Año) |
|---|---|---|---|---|---|---|---|---|---|---|---|---|---|---|---|---|---|---|---|---|---|
| Dewey Decimal Classification | Humboldt | Inventariado 2017 | Bogotá | Bogotá | 27/08/2014 | Instituto | 39000.00 | 1 | IAVH-333.7 C37c | 038270 | 28/09/2017 | 28/09/2017 | Ej. 1 | 27/08/2014 | Institucional | Libro | |||||
| Dewey Decimal Classification | Humboldt | Inventariado 2017 | Bogotá | Bogotá | 27/08/2014 | Instituto | 39000.00 | 2 | IAVH-333.7 C37c | 038271 | 21/12/2015 | 03/07/2015 | Ej. 2 | 27/08/2014 | Institucional | Libro | |||||
| Dewey Decimal Classification | Humboldt | Inventariado 2017 | Bogotá | Bogotá | 07/07/2015 | Instituto | 39000.00 | 1 | IAVH-333.7 C43a2 | 039131 | 07/02/2018 | 24/01/2018 | Ej. 3 | 07/07/2015 | Institucional | Libro | 2012 |